LIBRARY ONLINE CATALOGUE

land Law (Record no. 17832)

MARC details
000 -LEADER
fixed length control field 00326nam a22001337a 4500
008 - FIXED-LENGTH DATA ELEMENTS--GENERAL INFORMATION
fixed length control field 190712b xxu||||| |||| 00| 0 eng d
020 ## - INTERNATIONAL STANDARD BOOK NUMBER
International Standard Book Number 0340815639
050 ## - LIBRARY OF CONGRESS CALL NUMBER
Classification number KD829
Item number .B73 2003 c.1
100 ## - MAIN ENTRY--PERSONAL NAME
Personal name Bray, Judith
245 ## - TITLE STATEMENT
Title land Law
Statement of responsibility, etc. Judith Bray
260 ## - PUBLICATION, DISTRIBUTION, ETC. (IMPRINT)
Place of publication, distribution, etc. London
Name of publisher, distributor, etc. Hodder
Date of publication, distribution, etc. 2003
300 ## - PHYSICAL DESCRIPTION
Extent v, 111p.
942 ## - ADDED ENTRY ELEMENTS (KOHA)
Source of classification or shelving scheme Library of Congress Classification
Koha item type General Collection
Holdings
Withdrawn status Lost status Source of classification or shelving scheme Not for loan Home library Current library Date acquired Cost, normal purchase price Total Checkouts Full call number Barcode Date last seen Date last checked out Price effective from Koha item type
    Library of Congress Classification   Kabarak, Main Campus Kabarak, Main Campus 12/07/2019 800.00 5 KD829 .B73 2003 c.1 023569 25/02/2026 06/02/2026 12/07/2019 General Collection